Statistics for How many Star Wars Jedi Can you name?

Click here to take the quiz!

General Stats

  • This quiz has been taken 62 times
  • The average score is 9 of 15

Answer Stats

Light saberJedi% Correct
PurpleMace windu
100%
BlueObi-Wan Kenobi
100%
GreenYoda
98%
BlueAnakin Skywalker
96%
GreenLuke Skywalker
83%
GreenQui-Gon jinn
71%
GreenKit fisto
69%
BluePlo koon
60%
YellowRey Skywalker
60%
Blueki-adi-mundi
56%
GreenYaddle
35%
WhiteAshoka Tano
31%
GreenLuminara Unduli
23%
GreenGrogu
4%
BlueCal kesits
0%

Score Distribution

Percentile by Number Answered

Percent of People with Each Score

Your Score History

You have not taken this quiz